|
|
|
|
| LEADER |
01798nam a2200349 a 4500 |
| 001 |
33671 |
| 003 |
BD-DhAAL |
| 005 |
20211121153358.0 |
| 008 |
180814t2012 nyua b 001 0 eng |
| 999 |
|
|
|c 39978
|d 39978
|
| 010 |
|
|
|a 2012004837
|
| 020 |
|
|
|a 9780195389142 (pbk. : acid free paper)
|
| 040 |
|
|
|a DLC
|c DLC
|d BD-DhAAL
|
| 042 |
|
|
|a pcc
|
| 043 |
|
|
|a n-us---
|
| 050 |
0 |
0 |
|a E178
|b .B782 2012
|
| 082 |
0 |
0 |
|a 973
|2 23
|
| 100 |
1 |
|
|a Boyer, Paul S.
|9 27916
|
| 245 |
1 |
0 |
|a American history :
|b a very short introduction /
|c Paul S. Boyer
|
| 260 |
|
|
|a Oxford ;
|a New York :
|b Oxford University Press,
|c c2012.
|
| 300 |
|
|
|a xix, 161 pages :
|b illustrations ;
|c 18 cm.
|
| 490 |
0 |
|
|a Very short introductions
|
| 504 |
|
|
|a Includes bibliographical references (pages 139-148) and index.
|
| 505 |
0 |
|
|a Beginnings : Pre-history to 1763 -- 1763-1789 : Revolution, constitution, a new nation -- The promise and perils of nationhood, 1789-1850 -- Slavery and Civil War -- Industrialization and its consequences -- 1900-1920 : reform and war -- 1920-1945 : conflict and creativity, Depression and reform, war and global power -- 1945-1968 : Affluence, reform, war, social unrest -- To the present.
|
| 526 |
|
|
|a ENH
|
| 541 |
|
|
|a Trim Education
|e 33671, 33672
|
| 650 |
|
|
|a English language.
|9 42943
|
| 651 |
|
0 |
|a United States
|x History.
|9 27917
|
| 852 |
|
|
|a Ayesha Abed Library
|c General Stacks
|
| 942 |
|
|
|2 ddc
|c BK
|
| 952 |
|
|
|0 0
|1 0
|2 ddc
|4 0
|6 973_000000000000000_BOY
|7 0
|9 64229
|a BRACUL
|b BRACUL
|c GEN
|d 2018-08-08
|e Trim Education
|g 995.00
|l 4
|m 11
|o 973 BOY
|p 3010033671
|r 2024-04-01
|s 2024-03-06
|t 1
|v 995.00
|w 2018-08-08
|y BK
|
| 952 |
|
|
|0 0
|1 0
|2 ddc
|4 0
|6 973_000000000000000_BOY
|7 0
|9 64230
|a BRACUL
|b BRACUL
|c GEN
|d 2018-08-08
|e Trim Education
|g 995.00
|l 2
|m 17
|o 973 BOY
|p 3010033672
|r 2025-02-27
|s 2024-10-22
|t 2
|v 995.00
|w 2018-08-08
|y BK
|